Moderná a postmoderná škola manažmentu

Moderná škola manažmentu (všeobecná teória systémov, teória Z, teória kontingencie).Novodobé názory na riadenie. Postmoderná škola manažmentu (chaos, organizačné metafory, učiaca sa organizácia). Princípom postmodernej školy manažmentu je abstrahovanie od jednoduchosti, spochybnenie veľkej teórie mo...

Full description

Saved in:
Bibliographic Details
Main Author: Poniščiaková, Oľga
Format: Book Chapter
Language:Slovak
Subjects:
Tags: Add Tag
No Tags, Be the first to tag this record!

MARC

LEADER 00000naa$a2200000$$$4500
001 0065181
005 20231120105907.5
041 0 |a slo 
044 |a SK 
245 1 0 |a Moderná a postmoderná škola manažmentu  |c Oľga Poniščiaková 
520 |a Moderná škola manažmentu (všeobecná teória systémov, teória Z, teória kontingencie).Novodobé názory na riadenie. Postmoderná škola manažmentu (chaos, organizačné metafory, učiaca sa organizácia). Princípom postmodernej školy manažmentu je abstrahovanie od jednoduchosti, spochybnenie veľkej teórie modernej školy a akceptovanie zložitosti sveta, čo vyvoláva potrebu vlastného riešenia problémov. 
610 2 0 |a manažment 
610 2 0 |a teória riadenia 
610 2 0 |a modernizmus 
610 2 0 |a postmodernizmus 
100 1 |a Poniščiaková, Oľga